000 00710nam a22002297a 4500
003 OSt
005 20140310182759.0
008 130212t xxu||||| |||| 00| 0 eng d
020 _a9781422131527
050 _aHD 57
_b.D38 2010
100 _aDavis, Jocelyn R.
245 _aStrategic speed :
_cJocelyn R. Davis, Henry M. Frechette, Jr., Edwin H. Boswell.
_bmobilize people, accelerate execution /
260 _aBoston, Mass :
_bHarvard Business Press,
_c2010.
300 _a204 p. :
_bill. ;
_c22 cm.
521 _aBSBA
650 _aLabor productivity
650 _aEmployee motivation
650 _aIndustrial productivity
651 _aStrategic planning
942 _2lcc
_cBK
_kFOR
999 _c15927
_d15927